000 00808nam a2200229Ii 4500
003 JO-AjNU
008 230605s9999||||xx |||||||||||||| ||und||
017 _a38723
020 _a978-9957-16-124-5
040 _aJO-AjNU
_bara
_erda
_cJO-AjNU
041 _aara
050 1 4 _aKMM106.5.F3962.2016
100 3 _a سامي ، فوزي محمد ,
_eauthor
_925284
245 0 0 _aالشركات التجارية : الأحكام العامة والخاصة
250 _aط8
264 3 1 _aعمان : دار الثقافة ، 2016
300 _a584ص
_bيحتوي على ببلوغرافية من ص 577-584ص
336 _atext
_btxt
_2rdacontent
337 _aunmediated
_bn
_2rdamedia
338 _avolume
_bnc
_2rdacarrier
650 4 _a الشركات - قوانين وتشريعات - الاردن
_925285
999 _aA9436
_c13004
_d13004